La psychologie cognitive (notice n° 1567625)
[ vue normale ]
| 000 -LEADER | |
|---|---|
| fixed length control field | 01254cam a2200133 4500500 |
| 005 - DATE AND TIME OF LATEST TRANSACTION | |
| control field | 20251214003231.0 |
| 041 ## - LANGUAGE CODE | |
| Language code of text/sound track or separate title | fre |
| 042 ## - AUTHENTICATION CODE | |
| Authentication code | dc |
| 100 10 - MAIN ENTRY--PERSONAL NAME | |
| Personal name | Nicolas, Serge |
| Relator term | author |
| 245 00 - TITLE STATEMENT | |
| Title | La psychologie cognitive |
| 260 ## - PUBLICATION, DISTRIBUTION, ETC. | |
| Name of publisher, distributor, etc. | Armand Colin,<br/> |
| Date of publication, distribution, etc. | 2003.<br/> |
| 520 ## - SUMMARY, ETC. | |
| Summary, etc. | La psychologie cognitive a pour objet l'étude des grandes fonctions psychologiques. Dans les études de psychologie, cette discipline occupe aujourd'hui une place de plus en plus importante.L'ouvrage s'articule autour de trois grands thèmes majeurs : la perception, la mémoire et le langage. La nouveauté de ce livre réside dans son actualité concernant les principaux thèmes d'étude de la psychologie cognitive mais aussi dans le poids accordé à la méthode : on trouvera là un exposé complet et tout à fait inédit de la méthodologie expérimentale en psychologie.Ce manuel d'initiation s'adresse aussi bien à des étudiants peu au fait de la discipline qu'à ceux qui disposent déjà de quelques bases en ce domaine ; il sera également de profit pour tous ceux qui portent intérêt aux développements actuels de ce champ de la psychologie. |
| 856 41 - ELECTRONIC LOCATION AND ACCESS | |
| Uniform Resource Identifier | <a href="https://shs.cairn.info/la-psychologie-cognitive--9782200261894?lang=fr&redirect-ssocas=7080">https://shs.cairn.info/la-psychologie-cognitive--9782200261894?lang=fr&redirect-ssocas=7080</a> |
Pas d'exemplaire disponible.




Réseaux sociaux